000 00527nam a2200169Ia 4500
008 150610s9999 xx 000 0 und d
020 _a0 743235924
050 _aHF5430.
_b.U53 2004
100 _aUnderhill, Paco
245 _aCall of the mall /
_cPaco Underhill.
260 _aNew York :
_bSimon & Schuster Paperbacks,
_c2004.
300 _a227pages ;
_c22 cm.
504 _aIncludes index.
520 _aUnited States.
650 _aConsumers-United States
_xAttitudes.
650 _aConsumption (Economics)
_xUnited States.
999 _c288003
_d288003